[Event "ChessOrg-Schachfestival 2022-Senioren"]
[Site "Bad Woerishofen"]
[Date "2022.03.14"]
[Round "4.28"]
[White "Rumsey, Victor"]
[Black "Mitschka, Manfred"]
[Result "1-0"]
[WhiteElo "1811"]
[BlackElo "1614"]
[PlyCount "149"]
[EventDate "2022.??.??"]
[WhiteTeam "Battersea"]
[BlackTeam "SK Neuburg"]

1. d4 Nf6 2. c4 e6 3. Nf3 Bb4+ 4. Bd2 Bxd2+ 5. Qxd2 b6 6. g3 Bb7 7. Bg2 O-O 8.
Nc3 d6 9. O-O Nbd7 10. Qc2 Rb8 11. Rad1 Qe7 12. e4 e5 13. d5 a5 14. a3 Ba6 15.
Nb5 Nc5 16. b4 Ncxe4 17. Ne1 Ng5 18. h4 Ne6 19. dxe6 fxe6 20. Nf3 axb4 21. axb4
Bxb5 22. cxb5 h6 23. Qb3 Rf7 24. Rd2 Rbf8 25. Re2 Kh8 26. Qc4 Nh5 27. Nxe5 dxe5
28. Rxe5 Nf6 29. Rxe6 Qd7 30. Bc6 Qd2 31. Re2 Qd6 32. Rfe1 Qd8 33. Kg2 Qd6 34.
Rf1 Re7 35. Rfe1 Ref7 36. Re6 Qd8 37. R1e2 Kh7 38. R6e3 Kh8 39. Rd3 Qc8 40.
Rdd2 Qf5 41. Rd8 Rxd8 42. Qxf7 Qd3 43. Re7 Rg8 44. Rxc7 Qd4 45. Rb7 Qxb4 46.
Rxb6 Rf8 47. Qg6 Qd4 48. Rb7 Ng4 49. Rf7 Rxf7 50. Qxf7 Ne5 51. Qf8+ Kh7 52.
Qf5+ Kg8 53. Qe4 Qd6 54. Qd5+ Qxd5+ 55. Bxd5+ Kf8 56. b6 Nd7 57. b7 Nb8 58. Kf3
Ke7 59. Kf4 Kf6 60. Be4 Nd7 61. Ke3 Ke5 62. f4+ Ke6 63. Kd4 Kd6 64. g4 Kc7 65.
f5 Kd6 66. g5 hxg5 67. hxg5 Nb8 68. Bd5 Nd7 69. Bf3 Kc7 70. g6 Nf6 71. Ke5 Nd7+
72. Ke6 Kd8 73. Bc6 Nb8 74. Bb5 Kc7 75. f6 1-0

[Event "ChessOrg-Schachfestival 2022-Senioren"]
[Site "Bad Woerishofen"]
[Date "2022.03.14"]
[Round "4.29"]
[White "Eibl, Guenter"]
[Black "Aigner, Georg"]
[Result "1-0"]
[WhiteElo "1736"]
[BlackElo "1809"]
[PlyCount "93"]
[EventDate "2022.??.??"]
[WhiteTeam "SF Muenchen"]
[BlackTeam "SC Taufkirchen"]

1. d4 Nf6 2. c4 e6 3. Nc3 Bb4 4. a3 Be7 5. e4 d6 6. Nf3 Nbd7 7. e5 dxe5 8. dxe5
Ng4 9. Bf4 h5 10. h3 Nh6 11. Be2 Nf5 12. Ne4 b6 13. Nfg5 g6 14. Nf3 Bb7 15. Qc2
Bxe4 16. Qxe4 Qc8 17. Rd1 O-O 18. g4 Nc5 19. Qc6 Ng7 20. b4 Qb7 21. Nd4 Qxc6
22. Nxc6 Rfe8 23. bxc5 Bxc5 24. gxh5 Bxa3 25. hxg6 fxg6 26. Rg1 Kh7 27. Rd7 Rf8
28. Be3 Bc5 29. Bxc5 bxc5 30. Bd3 Kh8 31. Rxg6 Nf5 32. Bxf5 exf5 33. Rh6+ Kg8
34. Rdh7 Rfe8 35. Rxc7 a5 36. Rg6+ Kh8 37. Rg3 a4 38. Ra3 Ra6 39. f4 Re6 40.
Ne7 Reb6 41. Rxc5 Rb3 42. Rxb3 axb3 43. Rb5 Ra1+ 44. Kd2 Ra2+ 45. Kc3 Rf2 46.
Kxb3 Rxf4 47. Ng6+ 1-0

[Event "ChessOrg-Schachfestival 2022-Senioren"]
[Site "Bad Woerishofen"]
[Date "2022.03.14"]
[Round "4.30"]
[White "Laustsen, Karl-Johan"]
[Black "Goris-Schouwstra, Adry"]
[Result "1/2-1/2"]
[WhiteElo "1790"]
[BlackElo "1677"]
[PlyCount "122"]
[EventDate "2022.??.??"]
[WhiteTeam "1.FC Marktleuthen"]

1. d4 d5 2. Bf4 Nf6 3. e3 e6 4. Nd2 Bd6 5. Bg3 Bxg3 6. hxg3 h6 7. Bd3 Nbd7 8.
Ngf3 c5 9. c3 b6 10. Ne5 Nxe5 11. dxe5 Nd7 12. f4 c4 13. Bc2 Nc5 14. Nf3 Bd7
15. Nd4 Qc7 16. Qg4 Kf8 17. Qf3 Rd8 18. g4 Ke7 19. O-O-O a6 20. Rh2 b5 21. Rdh1
Rhg8 22. Qg3 b4 23. cxb4 Nd3+ 24. Bxd3 cxd3+ 25. Kb1 Rc8 26. Qh4+ Ke8 27. Qf2
Qc4 28. Qd2 Ke7 29. Rc1 Qxc1+ 30. Qxc1 Rxc1+ 31. Kxc1 Rc8+ 32. Kd2 Rb8 33. Kxd3
Rxb4 34. g3 Rb6 35. Rc2 Kd8 36. b3 Be8 37. Rc5 Bd7 38. Kc3 f6 39. exf6 gxf6 40.
b4 e5 41. fxe5 fxe5 42. Nf5 Bxf5 43. gxf5 Rd6 44. g4 Ke7 45. Rc8 Rf6 46. Rh8
Kf7 47. a4 Rc6+ 48. Kd3 Rb6 49. b5 axb5 50. axb5 Ke7 51. Kc3 Rxb5 52. Rxh6 Rc5+
53. Kb4 Rc4+ 54. Kb3 Rxg4 55. Re6+ Kf7 56. Rxe5 Re4 57. Rxe4 dxe4 58. Kc4 Kf6
59. Kd5 Kxf5 60. Kd4 Kf6 61. Kxe4 Ke6 1/2-1/2

[Event "ChessOrg-Schachfestival 2022-Senioren"]
[Site "Bad Woerishofen"]
[Date "2022.03.14"]
[Round "4.31"]
[White "Birkestrand, Odd"]
[Black "Meul, Willi"]
[Result "1/2-1/2"]
[WhiteElo "1702"]
[BlackElo "1789"]
[PlyCount "21"]
[EventDate "2022.??.??"]
[WhiteTeam "Masfjorden Sjakklubb"]
[BlackTeam "SV 1925 Huerth-Berrenrath"]

1. e4 c5 2. c3 d6 3. d4 cxd4 4. cxd4 Nf6 5. Nc3 a6 6. Nf3 g6 7. Be2 Bg7 8. O-O
O-O 9. h3 e6 10. Be3 Bd7 11. Rc1 1/2-1/2

[Event "ChessOrg-Schachfestival 2022-Senioren"]
[Site "Bad Woerishofen"]
[Date "2022.03.14"]
[Round "4.32"]
[White "Kelemen, Norbert"]
[Black "Plischke, Berthold"]
[Result "1-0"]
[WhiteElo "1647"]
[BlackElo "1929"]
[PlyCount "28"]
[EventDate "2022.??.??"]
[WhiteTeam "SC Weiße Dame Ulm e.V."]
[BlackTeam "SV Wesel 1928 e.V."]

1. e4 e6 2. d4 d5 3. Nc3 Nf6 4. Bg5 dxe4 5. Nxe4 Be7 6. Bxf6 gxf6 7. Nf3 f5 8.
Nc3 Bf6 9. Qd2 c5 10. O-O-O cxd4 11. Nxd4 e5 12. Bb5+ Kf8 13. Qh6+ Kg8 14. Ne6
Qa5 1-0

[Event "ChessOrg-Schachfestival 2022-Senioren"]
[Site "Bad Woerishofen"]
[Date "2022.03.14"]
[Round "4.33"]
[White "Harke, Horst"]
[Black "Koppenhoefer, Heinz"]
[Result "1-0"]
[WhiteElo "1757"]
[BlackElo "1565"]
[PlyCount "147"]
[EventDate "2022.??.??"]
[BlackTeam "TSV Solln Schachabteilung"]

1. d4 d5 2. c4 e6 3. e3 Nf6 4. Nc3 Bb4 5. Bd2 Nc6 6. Nf3 O-O 7. Rc1 Bxc3 8.
Bxc3 Ne4 9. Bd3 Nxc3 10. Rxc3 Nb4 11. Bb1 dxc4 12. Rxc4 Qe7 13. a3 Nd5 14. O-O
c6 15. h4 h5 16. Ng5 g6 17. Nf3 Kg7 18. g3 Nf6 19. Rc5 Ng4 20. Bd3 Qf6 21. Be2
Nh6 22. Ng5 Rd8 23. f4 Nf5 24. Rf3 Bd7 25. Re5 Be8 26. Qb3 b6 27. Bd3 Bd7 28.
Bxf5 exf5 29. Qb4 Re8 30. e4 Rad8 31. Rxe8 Rxe8 32. e5 Qe7 33. Qxe7 Rxe7 34.
Re3 f6 35. Nf3 fxe5 36. dxe5 Be6 37. Rd3 Bd5 38. Nd2 b5 39. Kf2 Kf7 40. Ke3 Ke6
41. Kd4 a5 42. Kc5 a4 43. Nf1 Rd7 44. Ne3 Be4 45. Rxd7 Kxd7 46. Nd1 Ke6 47. Nf2
Bg2 48. Kd4 Bf1 49. Nd1 Bg2 50. Nc3 Bf3 51. Na2 Bd5 52. Nb4 Bf3 53. Nd3 Bd5 54.
Nc5+ Ke7 55. Nb7 Kd7 56. Kc5 Ke7 57. Nd6 Kd7 58. Nxb5 Bb3 59. Nd4 Bd5 60. Kb4
Kc7 61. Kxa4 c5 62. Ne2 Kb6 63. Nc3 Be6 64. b4 Bd7+ 65. Kb3 Be6+ 66. Kc2 c4 67.
Kd2 Kc6 68. Ke3 Kb6 69. Kd4 Bf7 70. a4 Be6 71. a5+ Kc6 72. b5+ Kb7 73. Kc5 Ka8
74. Kd6 1-0

[Event "ChessOrg-Schachfestival 2022-Senioren"]
[Site "Bad Woerishofen"]
[Date "2022.03.14"]
[Round "4.34"]
[White "Titz, Waldemar"]
[Black "Stratmann, Alois"]
[Result "1/2-1/2"]
[WhiteElo "1742"]
[BlackElo "1547"]
[PlyCount "55"]
[EventDate "2022.??.??"]
[WhiteTeam "SV Rottweil"]
[BlackTeam "SV Ahlen 54 e.V."]

1. e4 e6 2. c4 c6 3. d4 Ne7 4. Nc3 d5 5. Nf3 dxe4 6. Nxe4 Ng6 7. Be2 Be7 8. O-O
O-O 9. Qc2 Nd7 10. Rd1 Nf6 11. Bd3 Qc7 12. Bg5 Nxe4 13. Bxe4 f5 14. Bxe7 Qxe7
15. Bd3 Bd7 16. Re1 Qd6 17. Qd2 Rad8 18. Rad1 Bc8 19. Qc1 h6 20. Bb1 Qb8 21.
Ne5 Nxe5 22. dxe5 Qc7 23. Qc3 b6 24. Bc2 c5 25. f4 Qe7 26. Qg3 Rd4 27. b3 Rfd8
28. Qf2 1/2-1/2

[Event "ChessOrg-Schachfestival 2022-Senioren"]
[Site "Bad Woerishofen"]
[Date "2022.03.14"]
[Round "4.35"]
[White "Richter, Stefan"]
[Black "Schnell, Franz"]
[Result "1-0"]
[WhiteElo "1612"]
[BlackElo "1737"]
[PlyCount "161"]
[EventDate "2022.??.??"]
[WhiteTeam "Elstertal-langenberg"]
[BlackTeam "SC Nusplingen"]

1. d4 d5 2. c4 Bf5 3. Nc3 e6 4. Qb3 Nc6 5. cxd5 exd5 6. e3 Nf6 7. Bb5 Be7 8.
Nf3 O-O 9. Bxc6 bxc6 10. Ne5 Qd6 11. Qa4 Bd7 12. Nxd7 Nxd7 13. O-O Nb6 14. Qc2
Rab8 15. b3 Rfe8 16. a4 a5 17. Ba3 Qe6 18. Bxe7 Rxe7 19. Ne2 Nd7 20. Rac1 Rb6
21. Nf4 Qd6 22. Nd3 Re8 23. Nc5 Reb8 24. Qf5 Nf6 25. Rfe1 Re8 26. f3 g6 27. Qd3
Qd8 28. e4 dxe4 29. fxe4 Rb4 30. Rc4 Nd7 31. Nxd7 Qxd7 32. Qc3 Rb6 33. h3 Reb8
34. Rb1 Rb4 35. Rxb4 Rxb4 36. Rd1 Qe6 37. d5 cxd5 38. Rxd5 Qb6+ 39. Kh1 c6 40.
Qe5 cxd5 41. Qe8+ Kg7 42. Qe5+ Qf6 43. Qxd5 Qd4 44. Qxa5 Qxe4 45. Qc7 Rxb3 46.
a5 Rb4 47. a6 Ra4 48. a7 Qf4 49. Qxf4 Rxf4 50. a8=Q h5 51. Qa1+ Rf6 52. g4 hxg4
53. hxg4 g5 54. Qe5 Kg6 55. Kg2 Rf4 56. Kg3 Rf6 57. Qe8 Kg7 58. Qe5 Kg6 59.
Qe4+ Kg7 60. Kh3 Kh6 61. Qe8 Kg7 62. Kg3 Kh7 63. Qf8 Rf4 64. Qc5 Kg6 65. Qe5
Rf6 66. Kg2 Kg7 67. Qxg5+ Rg6 68. Qe5+ Kg8 69. Kg3 Kh7 70. Qh5+ Kg7 71. Kf4 Kg8
72. Qd5 Kg7 73. g5 Kg8 74. Kf5 Kg7 75. Qd8 Kh7 76. Qf8 Rf6+ 77. Ke5 Rg6 78.
Qxf7+ Rg7 79. Qh5+ Kg8 80. Kf6 Kf8 81. Qh6 1-0

[Event "ChessOrg-Schachfestival 2022-Senioren"]
[Site "Bad Woerishofen"]
[Date "2022.03.14"]
[Round "4.36"]
[White "Kuenne, Lutz Dieter"]
[Black "Manthe, Joern"]
[Result "1-0"]
[WhiteElo "1570"]
[BlackElo "1320"]
[PlyCount "27"]
[EventDate "2022.??.??"]
[WhiteTeam "KingsClub Jena"]

1. e4 Nc6 2. Bc4 e6 3. d3 Nf6 4. Nf3 Bc5 5. c3 Qe7 6. O-O a6 7. Re1 b5 8. Bb3
O-O 9. d4 Bb6 10. Bc2 Bb7 11. e5 Ne8 12. Bxh7+ Kxh7 13. Ng5+ Kg8 14. Qh5 1-0

[Event "ChessOrg-Schachfestival 2022-Senioren"]
[Site "Bad Woerishofen"]
[Date "2022.03.14"]
[Round "4.37"]
[White "Kumeth, Hartmut"]
[Black "Prenzel, Thomas"]
[Result "1-0"]
[WhiteElo "1723"]
[BlackElo "1523"]
[PlyCount "47"]
[EventDate "2022.??.??"]
[WhiteTeam "SK Union Oldenburg"]
[BlackTeam "Klub Koelner SF e.V. 1967"]

1. d4 d5 2. e4 dxe4 3. Nc3 e6 4. Nxe4 Nf6 5. Bg5 Be7 6. Bxf6 Bxf6 7. c3 O-O 8.
Bd3 h6 9. Nf3 Nc6 10. O-O b6 11. Re1 Bb7 12. Qe2 Be7 13. Rad1 Qc8 14. Ng3 Nd8
15. Ne5 Bd6 16. Qh5 Bxe5 17. Rxe5 Nc6 18. Rg5 Qd8 19. Rg4 Qf6 20. Ne4 Qf5 21.
Rg5 g6 22. Qxh6 Qxg5 23. Nxg5 f6 24. Qh7# 1-0

[Event "ChessOrg-Schachfestival 2022-Senioren"]
[Site "Bad Woerishofen"]
[Date "2022.03.14"]
[Round "4.38"]
[White "De Polzer, Manfredi"]
[Black "Bertram, Thomas"]
[Result "1/2-1/2"]
[WhiteElo "1452"]
[BlackElo "1709"]
[PlyCount "109"]
[EventDate "2022.??.??"]
[WhiteTeam "SG Enger-Spenge"]

1. d4 Nf6 2. c4 g6 3. Nc3 Bg7 4. Nf3 O-O 5. g3 d6 6. Bg2 Nbd7 7. e4 c5 8. Be3
Nb6 9. b3 e6 10. Rc1 Ng4 11. O-O cxd4 12. Bxd4 e5 13. Bxb6 axb6 14. a4 Nf6 15.
Re1 Bg4 16. Qd3 Qe7 17. Rcd1 Rfd8 18. h3 Be6 19. Nb5 Ne8 20. Qe3 Ra6 21. Kh2 f5
22. exf5 Bxf5 23. Nh4 Nf6 24. Nxf5 gxf5 25. Qf3 f4 26. Qxf4 exf4 27. Rxe7 fxg3+
28. fxg3 Nh5 29. Bxb7 Ra5 30. Rxd6 Rxd6 31. Nxd6 Be5 32. Bd5+ Rxd5 33. cxd5
Bxd6 34. Re6 Bxg3+ 35. Kg2 Bc7 36. Kf3 Nf4 37. Re8+ Kf7 38. Ra8 Nxd5 39. Ke4
Ke6 40. h4 Nf6+ 41. Kd4 Bg3 42. a5 bxa5 43. Rxa5 Bxh4 44. Kc5 Bf2+ 45. Kc6 h5
46. Ra2 Bg3 47. b4 Nd5 48. Re2+ Be5 49. b5 h4 50. b6 Nxb6 51. Kxb6 Kf5 52. Kc6
Bf4 53. Kd5 h3 54. Kd4 Kg4 55. Ke4 1/2-1/2

[Event "ChessOrg-Schachfestival 2022-Senioren"]
[Site "Bad Woerishofen"]
[Date "2022.03.14"]
[Round "4.39"]
[White "Antoniacci, Riccardo"]
[Black "Beitz, Joanne"]
[Result "1-0"]
[WhiteElo "1706"]
[BlackElo "1314"]
[PlyCount "45"]
[EventDate "2022.??.??"]
[BlackTeam "Mettmann-Sport e.V."]

1. e4 e5 2. Nf3 Nc6 3. Bc4 Nf6 4. O-O h6 5. d4 exd4 6. e5 Ne4 7. Bd5 Nc5 8. Re1
Be7 9. Nxd4 O-O 10. Nc3 Nb4 11. Bc4 a5 12. a3 Nc6 13. Bf4 Ne6 14. Nxe6 dxe6 15.
Qg4 Kh8 16. Rad1 Nd4 17. Nb5 Bc5 18. c3 Ne2+ 19. Bxe2 Qe7 20. Rd3 Bd7 21. Rh3
Rg8 22. Bxh6 g6 23. Bf8+ 1-0

[Event "ChessOrg-Schachfestival 2022-Senioren"]
[Site "Bad Woerishofen"]
[Date "2022.03.14"]
[Round "4.40"]
[White "Lie, Terje"]
[Black "Koch, Dieter"]
[Result "1-0"]
[WhiteElo "1441"]
[BlackElo "1629"]
[PlyCount "131"]
[EventDate "2022.??.??"]
[WhiteTeam "Bergens SK"]
[BlackTeam "SC Ammersee"]

1. d4 d6 2. c4 Nd7 3. Nc3 e5 4. Nf3 c6 5. e3 Qe7 6. Be2 h6 7. b3 Ngf6 8. Ba3 e4
9. Nd2 c5 10. dxc5 dxc5 11. Bb2 a6 12. Qc2 Nb8 13. Ndxe4 Nxe4 14. Qxe4 Qe6 15.
Rd1 Be7 16. Qxe6 Bxe6 17. Nd5 Bxd5 18. Rxd5 O-O 19. O-O Re8 20. Bf3 Nc6 21. Bc3
Nb4 22. Bxb4 cxb4 23. Rfd1 Rad8 24. Rxd8 Bxd8 25. Bxb7 a5 26. Bc6 Rf8 27. f3 g5
28. g4 Kg7 29. Rd7 Bb6 30. Kf2 Re8 31. Rd3 Re6 32. Bd5 Re5 33. Ke2 f5 34. gxf5
Rxf5 35. h3 Re5 36. e4 Kg6 37. Kf1 Kh5 38. Kg2 Kh4 39. Bf7 h5 40. Bg6 g4 41.
fxg4 hxg4 42. hxg4 Kxg4 43. Bf5+ Kh4 44. Kf3 Re8 45. Rd5 Rg8 46. c5 Bc7 47. Rd7
Be5 48. c6 Rg3+ 49. Kf2 Rc3 50. Rh7+ Kg5 51. Bd7 Rc2+ 52. Kf1 Rxa2 53. Be8 Ra1+
54. Ke2 Ra2+ 55. Kd3 Kf6 56. c7 Bxc7 57. Rxc7 Ra1 58. Ra7 Ke5 59. Bc6 Rc1 60.
Bd5 Ra1 61. Ra6 Ra2 62. Kc4 Rc2+ 63. Kb5 Kd4 64. Rxa5 Kc3 65. Ra4 Kd4 66. Rxb4+
1-0

[Event "ChessOrg-Schachfestival 2022-Senioren"]
[Site "Bad Woerishofen"]
[Date "2022.03.14"]
[Round "4.41"]
[White "Margraf, Dieter"]
[Black "Hoferichter, Michael"]
[Result "1/2-1/2"]
[WhiteElo "1474"]
[BlackElo "1624"]
[PlyCount "37"]
[EventDate "2022.??.??"]
[WhiteTeam "SC Sulzbach-Rosenberg"]
[BlackTeam "Bergische SF 1923 Bergisch Gladbach e.V."]

1. d4 d5 2. Bf4 Bf5 3. e3 e6 4. Bd3 Bxd3 5. cxd3 Bd6 6. Bg3 Nf6 7. Nc3 O-O 8.
e4 dxe4 9. dxe4 Bb4 10. e5 Ne4 11. Nge2 Nc6 12. f3 Nxg3 13. hxg3 f6 14. f4 fxe5
15. dxe5 Qe8 16. Qc2 g6 17. O-O-O Bxc3 18. Nxc3 Rd8 19. Ne4 1/2-1/2

[Event "ChessOrg-Schachfestival 2022-Senioren"]
[Site "Bad Woerishofen"]
[Date "2022.03.14"]
[Round "4.42"]
[White "Gaul, Karl-Heinz"]
[Black "Wolkenstein, Eckhardt"]
[Result "0-1"]
[WhiteElo "1511"]
[BlackElo "1607"]
[PlyCount "104"]
[EventDate "2022.??.??"]
[WhiteTeam "SC Schwarz-Weiß Lichtenrade e.V."]
[BlackTeam "ESV"]

1. Nf3 g6 2. Nc3 Nf6 3. d4 d5 4. Bf4 c6 5. Qd2 Bg7 6. Bh6 Bxh6 7. Qxh6 Bf5 8.
O-O-O Nbd7 9. h3 Qc7 10. g4 Be4 11. Nxe4 Nxe4 12. Qe3 O-O-O 13. Nd2 Nxd2 14.
Rxd2 Rhe8 15. Qh6 Nf6 16. Bg2 e5 17. e3 exd4 18. Rxd4 Ne4 19. Bxe4 dxe4 20.
Rxd8+ Rxd8 21. Qg7 Qa5 22. Rd1 Rxd1+ 23. Kxd1 Qxa2 24. Qf8+ Kc7 25. Qe7+ Kb6
26. Qb4+ Ka6 27. b3 Qb1+ 28. Kd2 Qf1 29. Qa3+ Kb6 30. Qb4+ Kc7 31. Qe7+ Kb6 32.
Qxf7 Qxh3 33. Qf4 Qg2 34. Kc3 h5 35. gxh5 gxh5 36. Qg3 Qf3 37. Kd4 Qd1+ 38.
Kxe4 Qxc2+ 39. Kf4 Qxb3 40. Kg5 Qg8+ 41. Kf4 Qxg3+ 42. Kxg3 a5 43. f4 Kc7 44.
f5 Kd7 45. e4 a4 46. f6 Ke6 47. e5 a3 48. Kh4 a2 49. Kg5 a1=Q 50. Kg6 Qxe5 51.
f7 Qf5+ 52. Kh6 Qxf7 0-1

[Event "ChessOrg-Schachfestival 2022-Senioren"]
[Site "Bad Woerishofen"]
[Date "2022.03.14"]
[Round "4.43"]
[White "Bertram, Marina"]
[Black "Vaclahovsky, Gerhard"]
[Result "0-1"]
[WhiteElo "1304"]
[BlackElo "1592"]
[PlyCount "80"]
[EventDate "2022.??.??"]
[WhiteTeam "SF Bad Lausick"]
[BlackTeam "SK Keres-Augsburg 1980"]

1. e4 e6 2. Nf3 d5 3. e5 c5 4. d4 cxd4 5. Nxd4 Nc6 6. Nf3 Nge7 7. Bg5 Qc7 8.
Bf4 Ng6 9. Bg3 a6 10. Nc3 Bb4 11. a3 Bxc3+ 12. bxc3 O-O 13. Bd3 Ngxe5 14. Nxe5
Nxe5 15. O-O Qxc3 16. Bxe5 Qxe5 17. Re1 Qc7 18. Qh5 f5 19. Rac1 Rf6 20. Qe8+
Rf8 21. Qh5 b5 22. Re3 Qf7 23. Qh4 Qf6 24. Qb4 e5 25. f4 e4 26. Be2 Be6 27. Rc3
Qd8 28. Rc6 Bf7 29. Rd6 Qe7 30. c3 Rfd8 31. Rxd8+ Qxd8 32. Qc5 Rc8 33. Qa7 Rc6
34. Qb7 Qc7 35. Qxc7 Rxc7 36. g4 fxg4 37. Bxg4 Rc6 38. Kg2 d4 39. Bf5 Bd5 40.
Kg3 Rxc3+ 0-1

[Event "ChessOrg-Schachfestival 2022-Senioren"]
[Site "Bad Woerishofen"]
[Date "2022.03.14"]
[Round "4.44"]
[White "Fischer, Johann"]
[Black "Walther, Renate"]
[Result "1-0"]
[WhiteElo "1625"]
[BlackElo "1180"]
[PlyCount "63"]
[EventDate "2022.??.??"]
[WhiteTeam "SK Krumbach"]
[BlackTeam "SK 1911 Herzogenaurach"]

1. e4 e5 2. Bc4 Be7 3. Qh5 g6 4. Qxe5 Nf6 5. d3 Nc6 6. Qc3 d6 7. Bg5 Ne5 8. Nd2
Be6 9. Bxe6 fxe6 10. Qb3 Nf7 11. Bxf6 Bxf6 12. Qxe6+ Kf8 13. Qb3 Rb8 14. Ne2
Ne5 15. Nf4 Qd7 16. O-O Kg7 17. Nd5 Qd8 18. Nxf6 Qxf6 19. Qc3 Rhc8 20. f4 Qe7
21. fxe5 dxe5 22. Rf3 Rf8 23. Raf1 Rxf3 24. Rxf3 Kg8 25. h3 b5 26. b4 Rd8 27.
Rf1 Qg7 28. Qc6 Rb8 29. Nf3 h6 30. Qe6+ Kh7 31. Nxe5 Qg8 32. Rf7+ 1-0

[Event "ChessOrg-Schachfestival 2022-Senioren"]
[Site "Bad Woerishofen"]
[Date "2022.03.14"]
[Round "4.45"]
[White "Schlemminger, Degenhard"]
[Black "Braeu, Emmi"]
[Result "1-0"]
[WhiteElo "1623"]
[BlackElo "1476"]
[PlyCount "59"]
[EventDate "2022.??.??"]
[WhiteTeam "SV Reutlingen"]
[BlackTeam "SK Marktoberdorf"]

{[%evp 0,59,44,28,90,13,14,15,16,8,30,4,25,18,4,-3,-3,-3,1,-6,38,1,22,22,24,24,
-5,-21,32,21,41,32,4,14,33,28,65,78,115,92,120,100,95,107,102,96,105,31,25,44,
100,48,50,31,28,58,87,33,97,111,107,98]} 1. Nf3 c5 2. c4 Nc6 3. e3 Nf6 4. Nc3
g6 5. Be2 Bg7 6. O-O O-O 7. d4 cxd4 8. exd4 d5 9. c5 Re8 10. Bb5 Bd7 11. Re1 a6
12. Bxc6 Bxc6 13. Ne5 Rc8 14. b4 Bd7 15. Nxd7 Nxd7 16. Be3 e5 17. Qd2 exd4 18.
Bxd4 Nf6 19. Rxe8+ Qxe8 20. Re1 Qd7 21. f3 Re8 22. Rxe8+ Qxe8 23. Qe2 Qxe2 24.
Nxe2 g5 25. h3 Ne8 26. Bxg7 Kxg7 27. Nd4 Nc7 28. a4 Kg6 29. b5 axb5 30. axb5 {
[%mdl 8192]} 1-0

[Event "ChessOrg-Schachfestival 2022-Senioren"]
[Site "Bad Woerishofen"]
[Date "2022.03.15"]
[Round "5.1"]
[White "Daeubler, Heinrich"]
[Black "Kierzek, Matthias"]
[Result "0-1"]
[WhiteElo "2136"]
[BlackElo "2209"]
[PlyCount "64"]
[EventDate "2022.??.??"]
[WhiteTeam "SC Haselmuehl"]
[BlackTeam "SC Fulda"]

1. d4 d5 2. c4 c6 3. Nf3 Nf6 4. Nc3 dxc4 5. a4 Bf5 6. Ne5 Nbd7 7. Nxc4 Nb6 8.
Ne5 a5 9. f3 Nfd7 10. Nd3 Bxd3 11. Qxd3 e5 12. Be3 Bb4 13. dxe5 Qe7 14. f4 Nc5
15. Qc2 Rd8 16. Kf2 O-O 17. g3 f6 18. exf6 Rxf6 19. Bg2 Nc4 20. Bc1 Re6 21. Bh3
Red6 22. Rd1 Rxd1 23. Nxd1 Ne4+ 24. Kg2 Ned2 25. Bg4 Ne3+ 26. Nxe3 Qxe3 27.
Bxd2 Rxd2 28. Qc4+ Kh8 29. b3 Bc5 30. Rf1 Bd4 31. Rf3 Rxe2+ 32. Kh3 Rxh2+ 0-1

[Event "ChessOrg-Schachfestival 2022-Senioren"]
[Site "Bad Woerishofen"]
[Date "2022.03.15"]
[Round "5.2"]
[White "Koehler, Gerhard"]
[Black "Rubke, Manfred"]
[Result "0-1"]
[WhiteElo "2208"]
[BlackElo "2095"]
[PlyCount "74"]
[EventDate "2022.??.??"]
[WhiteTeam "USV Halle"]
[BlackTeam "TSV Haunstetten"]

1. c4 e5 2. g3 Nc6 3. Bg2 g6 4. Nc3 Bg7 5. d3 d6 6. e3 f5 7. Nge2 Nf6 8. Rb1
Be6 9. Nd5 a5 10. a3 Qd7 11. b4 axb4 12. axb4 Nd8 13. Qc2 Qf7 14. e4 fxe4 15.
dxe4 O-O 16. O-O c6 17. Nb6 Ra7 18. c5 d5 19. Nc3 dxe4 20. Nxe4 Nxe4 21. Bxe4
Bh3 22. Bg2 Bf5 23. Be4 Bh3 24. Rd1 Ne6 25. Rd7 Qf6 26. Rd6 Qf7 27. Be3 Nd4 28.
Bxd4 exd4 29. f4 Ra2 30. Qd3 Re8 31. Nc4 Bf5 32. Bxf5 Qxf5 33. Qxf5 gxf5 34.
Rb2 Ra1+ 35. Kf2 Rh1 36. Kg2 Rd1 37. Rd2 Rxd2+ 0-1

[Event "ChessOrg-Schachfestival 2022-Senioren"]
[Site "Bad Woerishofen"]
[Date "2022.03.15"]
[Round "5.4"]
[White "Mueller, Erich"]
[Black "Matzat, Andre"]
[Result "1/2-1/2"]
[WhiteElo "2138"]
[BlackElo "1991"]
[PlyCount "30"]
[EventDate "2022.??.??"]
[WhiteTeam "SK 1962 Ladenburg"]
[BlackTeam "Oberhausener SV 1887 e.V."]

1. f4 d5 2. b3 Nf6 3. Nf3 e6 4. Bb2 Be7 5. e3 O-O 6. Be2 c5 7. O-O b6 8. Qe1
Bb7 9. d3 Nc6 10. Nbd2 d4 11. e4 Ng4 12. Bd1 Ne3 13. Rf2 f5 14. exf5 exf5 15.
Nf1 Nxd1 1/2-1/2

[Event "ChessOrg-Schachfestival 2022-Senioren"]
[Site "Bad Woerishofen"]
[Date "2022.03.15"]
[Round "5.5"]
[White "Pruefer, Friedbert"]
[Black "Lechner, Otto"]
[Result "1-0"]
[WhiteElo "2227"]
[BlackElo "1845"]
[PlyCount "41"]
[EventDate "2022.??.??"]
[WhiteTeam "TSG 1861 Taucha"]
[BlackTeam "TSV Wertingen 1862 SAbt"]

1. d4 Nf6 2. c4 e6 3. g3 d5 4. Nf3 c6 5. Nbd2 Qa5 6. Bg2 Ne4 7. O-O f5 8. Ne5
Nxd2 9. Bxd2 Qd8 10. e4 g6 11. exf5 exf5 12. Re1 Be7 13. Bg5 Be6 14. Bxe7 Qxe7
15. cxd5 cxd5 16. Qb3 Nc6 17. Bxd5 Bxd5 18. Qxd5 Rd8 19. Qb5 O-O 20. Qc4+ Kg7
21. Nxc6 1-0

[Event "ChessOrg-Schachfestival 2022-Senioren"]
[Site "Bad Woerishofen"]
[Date "2022.03.15"]
[Round "5.6"]
[White "Fiedler, Wolfgang"]
[Black "Schatz, Christian"]
[Result "1/2-1/2"]
[WhiteElo "2017"]
[BlackElo "2122"]
[PlyCount "80"]
[EventDate "2022.??.??"]
[WhiteTeam "SK Zirndorf e.V."]
[BlackTeam "SC Postbauer-Heng e.V"]

1. f4 Nf6 2. Nf3 g6 3. d4 Bg7 4. e3 O-O 5. Be2 d6 6. O-O Nbd7 7. c3 e5 8. dxe5
dxe5 9. Nxe5 Nxe5 10. Qxd8 Rxd8 11. fxe5 Ng4 12. e4 Nxe5 13. Nd2 Be6 14. Nf3
Bc4 15. Bxc4 Nxc4 16. Rb1 Re8 17. Bf4 c6 18. Rfe1 Rad8 19. Re2 Ne5 20. Nxe5
Bxe5 21. Bxe5 Rxe5 22. Rbe1 f6 23. Kf2 Kf7 24. Kf3 h5 25. g3 Ke6 26. h3 g5 27.
Re3 b5 28. Ke2 a5 29. Rc1 Rc5 30. Rd1 Rxd1 31. Kxd1 b4 32. Kd2 Ke5 33. Kd3 bxc3
34. bxc3 Rb5 35. Rf3 Rb2 36. h4 gxh4 37. Rf5+ Ke6 38. gxh4 Rxa2 39. Rxh5 a4 40.
Rc5 Kd6 1/2-1/2

[Event "ChessOrg-Schachfestival 2022-Senioren"]
[Site "Bad Woerishofen"]
[Date "2022.03.15"]
[Round "5.7"]
[White "Keller, Harald"]
[Black "Pfitzer, Norbert"]
[Result "1/2-1/2"]
[WhiteElo "2041"]
[BlackElo "2026"]
[PlyCount "37"]
[EventDate "2022.??.??"]
[WhiteTeam "SV Rottweil"]
[BlackTeam "SV Backnang"]

1. e4 d6 2. d4 Nf6 3. Nc3 e5 4. Nge2 Be7 5. f3 O-O 6. Be3 exd4 7. Nxd4 Re8 8.
Qd2 c5 9. Nb3 Be6 10. Bb5 Nc6 11. O-O a6 12. Bxc6 bxc6 13. Rad1 Qb6 14. Qf2 a5
15. e5 dxe5 16. Bxc5 Bxc5 17. Qxc5 Nd7 18. Qxb6 Nxb6 19. Rd6 1/2-1/2

[Event "ChessOrg-Schachfestival 2022-Senioren"]
[Site "Bad Woerishofen"]
[Date "2022.03.15"]
[Round "5.8"]
[White "Neubauer, Bernd"]
[Black "Waltenberger, Udo"]
[Result "1/2-1/2"]
[WhiteElo "2141"]
[BlackElo "1977"]
[PlyCount "50"]
[EventDate "2022.??.??"]
[WhiteTeam "ESV 1949 Eberswalde e.V."]
[BlackTeam "SV Eiche Reichenbrand"]

1. d4 Nf6 2. c4 g6 3. Nc3 d5 4. cxd5 Nxd5 5. e4 Nxc3 6. bxc3 Bg7 7. Bc4 c5 8.
Ne2 cxd4 9. cxd4 Nc6 10. Be3 O-O 11. Rc1 Na5 12. Bd3 e6 13. Qd2 b6 14. Bh6 Bb7
15. h4 Bxh6 16. Qxh6 Qf6 17. h5 Qg7 18. hxg6 hxg6 19. Qf4 Rfc8 20. Kd2 Rxc1 21.
Rxc1 Qf8 22. Qf6 Qg7 23. Qe7 Qf8 24. Qf6 Qg7 25. Qe7 Qf8 1/2-1/2